000 00894namaa2200277 a 4500
001 vtls000981871
003 NLI
005 20210627100737.0
008 120209s1979 dcu i000 0 eng
039 9 _y201202091932
_zVLOAD
040 _aNLI
_cVTLS-2010_FOD
_eAACR2
041 0 _aeng
044 _adcu
044 _aProcessed by V T L S
082 0 4 _a331.252
110 1 _aUnited States
_bFederal Trade Commission
_bBureau of Consumer Protection
_9724933
245 1 0 _aPlain talk about IRAs
260 _aWashington :
_bUnited States Government Printing Office,
_c1979
300 _a12 p. ;
_c13 cm.
650 0 _aRetirement
_9679773
887 _a
901 _aAD136210
_b25.10.2010
902 _aU.S 331.252 Us 3 p
949 _AVIRTUAITEM
_D10000
_X100
_6ADX000136210ENG
942 _2ddc
_cBKS
999 _aVTLSSORT0080*0400*0410*0440*0441*0820*1100*2450*2600*3000*6500*9010*9020*9490*9991
_c804328
_d804328